000
00328nam a2200133 a 4500
008
990521s1989||||xx 0 und c
040
_a
SNK
_b
slo
_c
SNK
_e
AACR2
245
1
0
_a
Slovník spisovného jazyka českého IV
_b
P - Q
260
_a
Praha
_b
Academia
_c
1989
300
_a
716 s.
020
_c
84
041
_a
ces
044
_a
CZ
999
_c
17740
_d
17740